000 00573nam a2200193Ia 4500
005 20250508161356.0
008 008 250505s9999 xx 000 0 eng d
037 _aTextual
040 _aFEDL
_beng
_cFEDL
041 _aeng
_2eng
084 _a301.24, RUD
_qFEDL
100 _aRudramoorthy B.
_9347961
245 0 _aExtension in planned social change : The Indian experience
260 _aBombay, India
_bAllied Publishers Private Limited
_c1964
300 _a263p.
650 _aSociology
942 _cTEXL
_h301.24, RUD
999 _c1369752
_d1369752